Effective teaching : (Record no. 123652)

MARC details
000 -LEADER
fixed length control field 00652nam a22002297a 4500
005 - DATE AND TIME OF LATEST TRANSACTION
control field 20170124105928.0
010 ## - LIBRARY OF CONGRESS CONTROL NUMBER
LC control number 152679
020 ## - INTERNATIONAL STANDARD BOOK NUMBER
Terms of availability 00.00
035 ## - SYSTEM CONTROL NUMBER
System control number 152679
037 ## - SOURCE OF ACQUISITION
Source of stock number/acquisition Cen Lib/Ret
040 ## - CATALOGING SOURCE
Original cataloging agency DPL
Language of cataloging EN
082 ## - DEWEY DECIMAL CLASSIFICATION NUMBER
Classification number 371.3
Item number OLI
100 ## - MAIN ENTRY--PERSONAL NAME
Personal name Oliver, R.A.
9 (RLIN) 7542
245 ## - TITLE STATEMENT
Title Effective teaching :
Statement of responsibility, etc by R.A.Oliver
Remainder of title a guide to general methods /
260 ## - PUBLICATION, DISTRIBUTION, ETC. (IMPRINT)
Place of publication, distribution, etc Canada
Name of publisher, distributor, etc J.M. Dent & Sons
Date of publication, distribution, etc 1958
270 ## - ADDRESS
City Canada
300 ## - PHYSICAL DESCRIPTION
Extent viii, 200p.
Dimensions 19cm(Hb)
500 ## - GENERAL NOTE
General note Includes bibliographical references and index
650 ## - SUBJECT ADDED ENTRY--TOPICAL TERM
Topical term or geographic name as entry element Teaching
9 (RLIN) 8075
650 ## - SUBJECT ADDED ENTRY--TOPICAL TERM
Topical term or geographic name as entry element Learning -- process
9 (RLIN) 7543
942 ## - ADDED ENTRY ELEMENTS (KOHA)
Source of classification or shelving scheme Dewey Decimal Classification
Koha item type English Books
Classification part 371.3
Call number suffix OLI
Holdings
Withdrawn status Lost status Damaged status Not for loan Home library Current library Date acquired Source of acquisition Cost, normal purchase price Total Checkouts Full call number Barcode Date last seen Date checked out Copy number Cost, replacement price Price effective from Koha item type
        Central Library Central Library 11/06/2015 Cen Lib/Ret 0.00 1 371.3 OLI 152679 12/08/2017 29/07/2017 1 0.00 11/06/2015 English Books

© Delhi Public Library
Hit Counter
free hit counter